LEADER 01117nam0-22003611--450- 001 990008037400403321 005 20051202104420.0 010 $a88-387-2728-7 035 $a000803740 035 $aFED01000803740 035 $a(Aleph)000803740FED01 035 $a000803740 100 $a20050404d2003----km-y0itay50------ba 101 0 $aita 102 $aIT 105 $ay-------001yy 200 1 $a<>protocollo informatico per la Pubblica Amministrazione$eorganizzazione, tecnologie, applicazioni, normativa$fa cura di Domenico Piazza$gcontributi di Giancarlo Butti ... [et al.] 210 $aRimini$cMaggioli$dc2003 215 $a234 p.$d24 cm 225 1 $aProgetto ente locale$v140 300 $aSegue: Appendice 676 $a352.38$v20$zita 702 1$aPiazza,$bDomenico 702 1$aButti,$bGiancarlo 801 0$aIT$bUNINA$gRICA$2UNIMARC 901 $aBK 912 $a990008037400403321 952 $aXI INFO.G 1$b2462$fDFD 952 $aVI F 991$b6004$fDDA 959 $aDDA 959 $aDFD 996 $aProtocollo informatico per la pubblica amministrazione$9254131 997 $aUNINA LEADER 00952nam a2200241 i 4500 001 991002343719707536 008 070410s1999 enk e 00 deng d 020 $a0415154480 035 $ab13512912-39ule_inst 040 $aDip.to Filologia Class. e Scienze Filosofiche$bita 082 $a920.032 100 1 $aRice, Michael$0625556 245 10$aWho's Who in Ancient Egypt /$cMichael Rice 260 $aLondon ;$aNew York :$bRoutledge,$c1999 300 $aLIX, 257 p., [2] c. di tav. :$bc. geogr. ;$c25 cm 500 $aBibliografia : p. 234-237 651 4$aEgitto antico$vBiografie$vEnciclopedie e dizionari 907 $a.b13512912$b28-01-14$c10-04-07 912 $a991002343719707536 945 $aLE007 932 RIC 02.01$g1$i2007000118566$lle007$nLE007 2007 Capasso$op$pE88.30$q-$rl$s- $t0$u0$v0$w0$x0$y.i14478626$z06-06-07 996 $aWho's Who in Ancient Egypt$91221182 997 $aUNISALENTO 998 $ale007$b10-04-07$cm$da $e-$feng$genk$h0$i0 LEADER 01940oam 2200445 450 001 9910317772603321 005 20231212210905.0 010 $a1-83881-755-7 010 $a1-78984-136-4 035 $a(CKB)4100000007779608 035 $a(NjHacI)994100000007779608 035 $a(oapen)https://directory.doabooks.org/handle/20.500.12854/42387 035 $a(EXLCZ)994100000007779608 100 $a20221012d2018 uy 0 101 0 $aeng 135 $aur||||||||||| 181 $ctxt$2rdacontent 182 $cc$2rdamedia 183 $acr$2rdacarrier 200 00$aBotulinum toxin /$fNikolay Serdev, editor 210 1$a[London] :$cIntechOpen,$d[2018] 210 4$dİ2018 215 $a1 online resource (154 pages) 311 0 $a1-78984-135-6 330 $aThe aim of this book is to ensure a safe understanding and use of botulinum toxin in medicine. Known indications, contraindications, diversity, comparative effects between subtypes, limits, allergies, treatments, adverse reactions, nonresponsiveness, and new investigations will be described. Botulinum toxin can be currently used in nearly every specialty. The main areas in this book are cosmetics and dermatology, as well as dentistry, urology, masseter hypertrophy, chronic pain treatment, and others. The important aim is formation of the knowledge of anatomy, muscles to be treated and their function, risk factors, brand names, associations with operations, and other treatments. 606 $aBotulinum toxin$xTherapeutic use 610 $aToxicology 610 $aToxicology and Pharmaceutical Science 610 $aToxinology 610 $aPharmacology 610 $aHealth Sciences 615 0$aBotulinum toxin$xTherapeutic use. 676 $a615.329364 702 $aSerdev$b Nikolay 801 0$bNjHacI 801 1$bNjHacl 906 $aBOOK 912 $a9910317772603321 996 $aBotulinum Toxin$91977191 997 $aUNINA